000 00536nam a22001937a 4500
999 _c7567
_d7567
003 Ost
005 20191126111127.0
008 191126b ||||| |||| 00| 0 eng d
020 _a8174091122
040 _cBT-PhCST
050 _aD4128
082 _222
_a624.183
_bVAR
100 _aVaryani, U. H.
245 _aDesign aids for reinforced limit state design of reinforced concrete members /
260 _aDelhi :
_bKhanna Publishers,
_cc2005.
300 _aii, 419 p. :
_bill. ;
_c24 cm.
700 _aRadhaji, A.
942 _2ddc
_cCIVIL